00746nam 22002053 4500001000700000090001100007100004100018200010700059210002100166215002800187225005800215606001800273675001500291702004400306702004000350801001800390830002900408990001100437995009200448202758 a202758 a20240814d u||y0pory50 ba aHusserl f avec un exposé de sa philosophie par Lothar Kelkel, René Schéreresa vie, son ouevre  aPariscPUFd1964 a144 p.cbrochadod19 cm aPhilosophesgcolection fondée par Émile Bréhier aFilosofia932 a1vFRzfra 917636aKelkelbArion Lothar f1927-2015 917637aSchérerbRenéf1922-2023 aPTbBMMNgRPC cAna FalardofAna Falardo cLIVROS 002052026-06-25932557bBMMNf32269k1 HUS|SAFo0rLIVROSuAcesso CondicionadosOferta